000 00239nam a2200097Ia 4500
001 986249
005 20250826221057.0
008 250824s9999 xx 000 0 und d
245 0 _aKORSAN KOMŞULAR
_cREGGİE NAUS
260 _bPARODİ YAYINLARI
999 _c986249
_d986249